Export quality management : resource material for training activities.
| Corporate Author: | |
|---|---|
| Format: | Book |
| Published: |
Geneva:
International Trade Centre,
1999.
|
| Subjects: |
| LEADER | 00493cam a2200157 7i4500 | ||
|---|---|---|---|
| 001 | 0000009918 | ||
| 005 | 20020719090000.0 | ||
| 020 | 0 | 0 | |a 929137086 X |
| 090 | 0 | 0 | |a B 658.4013 |b EXP |
| 245 | 0 | 0 | |a Export quality management : |b resource material for training activities. |
| 260 | 0 | 0 | |a Geneva: |b International Trade Centre, |c 1999. |
| 300 | # | # | |a 110 p. |
| 650 | 0 | 0 | |a Quality control |
| 650 | 0 | 0 | |a Exports |
| 710 | 2 | 1 | |a International Trade Centre |
| 999 | |a 0000011560 |b Book |c International |e Business Information Centre | ||